Пропуск в контексте

Государственно-частное партнерство в жилищно-коммунальном хозяйстве региона: проблемы и перспективы развития монография

В монографии раскрыты сущность, особенности, институциональные и экономические аспекты государственно-частного партнерства. Определено место и значение жилищно-коммунального хозяйства (ЖКХ) в развитии экономики северного региона. Обобщен зарубежный и отечественный опыт государственно-частного партне...

Полное описание

Сохранить в:
Библиографические подробности
Главный автор: Кожевников С. А.
Другие авторы: Ускова Т. В.
Формат: Книга
Язык:Russian
Опубликовано: Вологда ВолНЦ РАН 2016
Online-ссылка:https://e.lanbook.com/book/125283
https://e.lanbook.com/img/cover/book/125283.jpg
Метки: Добавить метку
Нет меток, Требуется 1-ая метка записи!
LEADER 03041nam0a2200277 i 4500
001 125283
003 RuSpLAN
005 20221220174032.0
008 221220s2016 ru gs 000 0 rus
020 |a 978-5-93299-337-8 
040 |a RuSpLAN 
041 0 |a rus 
044 |a ru 
080 |a 332.81 
084 |a 65.441  |2 rubbk 
245 0 0 |a Государственно-частное партнерство в жилищно-коммунальном хозяйстве региона: проблемы и перспективы развития  |b монография  |c Кожевников С. А.,Ускова Т. В. 
260 |a Вологда  |b ВолНЦ РАН  |c 2016 
300 |a 148 с. 
504 |a Библиогр.: доступна в карточке книги, на сайте ЭБС Лань 
520 8 |a В монографии раскрыты сущность, особенности, институциональные и экономические аспекты государственно-частного партнерства. Определено место и значение жилищно-коммунального хозяйства (ЖКХ) в развитии экономики северного региона. Обобщен зарубежный и отечественный опыт государственно-частного партнерства в этой сфере. Представлены результаты комплексной оценки текущего состояния регионального ЖКХ и особенности управления им. Определены экономические предпосылки и институционально-правовые особенности реализации партнерства власти и бизнеса, выявлены условия развития стратегического управления отраслью на данных принципах. Обосновано организационное и финансовое обеспечение развития государственно-частного партнерства в ЖКХ и разработан методический инструментарий оценки его эффективности. Книга адресована научным работникам, специалистам органов государственного и муниципального управления, преподавателям и студентам высших учебных заведений экономического и отраслевого профиля. 
521 8 |a Книга из коллекции ВолНЦ РАН - Экономика и менеджмент 
100 1 |a Кожевников С. А. 
700 1 |a Ускова Т. В. 
856 4 |u https://e.lanbook.com/book/125283 
856 4 8 |u https://e.lanbook.com/img/cover/book/125283.jpg 
953 |a https://e.lanbook.com/img/cover/book/125283.jpg